000 00522nam a2200181Ia 4500
003 GCL
008 140319s9999 xx 000 0 ara d
040 _aGCL /
_cGCL
082 0 4 _a896.6762
_bو ت
100 1 _aسعدى يوسف
245 1 0 _aتويجات الدم /
_cسعدى يوسف
700 1 _aوانيونعو نغوجى
260 _a[S.N] :
_bدار ابن رشد للطباعة والنشر
490 _a
650 0 4 _aالادب الافريقى
650 0 4 _aالقصص الكينى
942 _2ddc
_cBK
999 _c36164
_d36164